000 00555 a2200181 4500
999 _c9626
_d9626
050 _aKTL19.A35SOU1995
100 _aFisher Dvid
_eeditor
245 _aSouth African Law Reports:
_b1995(1) January-Januarie /
_cedited by David S Fishe[ et...al]
264 _aCape Town:
_bJuta and CO,LTD,
_c1989
300 _a271p. :
500 _aincludes table of cases
650 _alaw report
700 _aBarrow Owen
700 _aCavvadas John
700 _aHanmer Nita
700 _aPienaar Gideon
942 _2lcc
_cSERIALS
_hKTL19.A35
_iSOU
_kKTZ